000 00750nam a2200217 4500
003 OSt
005 20260427012539.0
006 a
008 240618b |||||||| |||| 00| 0 eng d
020 _a0558809480
040 _aDWCL-Man lib.
_cOC
082 _2Custom edition for the UN
_aCirc. 519.502 M961S 2010
245 _aMultiple - choices problems set for basic statistical analysis 1 /
250 _aCustom edition for the UN
260 _aNew York :
_bPearson Learning Solutions,
_cc2010
300 _avii,
_b518 p. ;
_c28 cm.
650 _a1. Statistical methods – Problems, etc.
650 _a2. Statistical analysis – Problems, etc.
700 _aCustom edition for the UN
942 _2ddc
_n0
_cBK-CIRC
_eCustom edition for the UN
_kCirc.
999 _c840
_d840